| 000 | 00611nam a22001577a 4500 | ||
|---|---|---|---|
| 003 | OSt | ||
| 005 | 20260416130831.0 | ||
| 008 | 260416b |||||||| |||| 00| 0 eng d | ||
| 020 | _a9783823618249 | ||
| 040 |
_cKABLIB _dKABLIB |
||
| 082 |
_223 _a632.96 _bOKO |
||
| 245 |
_aAdvances in Crop Research : _bTowards Understanding the Effects of Climaaate Change on the Sweetpotato Insect pests Acraea acerata Hewiston and Cylas puncticollis Boheman and their Management in Africa / _cJoshua Sikhu Okonya |
||
| 260 |
_ahohenheim university _bmargraf publishers _cc2025 |
||
| 300 |
_aVi, 174p. ; _c22 cm. |
||
| 942 |
_2ddc _cBOOK |
||
| 999 |
_c6212 _d6212 |
||